000
00273 a2200097 4500
001
27529
100
_a
Reader's digest association
245
_a
Reader's digest encyclopedia of garden plants flowers
260
_a
_b
Reader's digest association
_c
1971
090
_c
18319
_d
18319
942
_a
NUST-CAE
_c
M
_c
9246
999
_c
262602
_d
262602